Teoría, política e historia : (Record no. 10700)
[ view plain ]
| 000 -LEADER | |
|---|---|
| fixed length control field | 00686nam a22002057a 4500 |
| 005 - DATE AND TIME OF LATEST TRANSACTION | |
| control field | 20250218141904.0 |
| 008 - FIXED-LENGTH DATA ELEMENTS--GENERAL INFORMATION | |
| fixed length control field | 250218b ||||| |||| 00| 0 spa d |
| 020 ## - INTERNATIONAL STANDARD BOOK NUMBER | |
| International Standard Book Number | 84-323-0518-9 |
| 082 14 - DEWEY DECIMAL CLASSIFICATION NUMBER | |
| Edition number | 14 |
| Classification number | 320.5 |
| 100 1# - MAIN ENTRY--PERSONAL NAME | |
| 9 (RLIN) | 10443 |
| Personal name | Anderson, Perry |
| 245 10 - TITLE STATEMENT | |
| Title | Teoría, política e historia : |
| Remainder of title | un debate con E. P. Thompson / |
| Statement of responsibility, etc | Perry Anderson |
| 260 ## - PUBLICATION, DISTRIBUTION, ETC. (IMPRINT) | |
| Place of publication, distribution, etc | Madrid: |
| Name of publisher, distributor, etc | SIGLO XXI DE ESPAÑA EDITORES, |
| Date of publication, distribution, etc | 1985 |
| 300 ## - PHYSICAL DESCRIPTION | |
| Extent | 241 p. |
| 440 ## - SERIES STATEMENT/ADDED ENTRY--TITLE | |
| 9 (RLIN) | 21150 |
| Title | Teoría |
| 600 10 - SUBJECT ADDED ENTRY--PERSONAL NAME | |
| 9 (RLIN) | 21175 |
| Personal name | Edward P. Thompson |
| Chronological subdivision | 1924-1993 |
| 650 27 - SUBJECT ADDED ENTRY--TOPICAL TERM | |
| 9 (RLIN) | 839 |
| Topical term or geographic name as entry element | IDEOLOGIA |
| Source of heading or term | unescot |
| 650 27 - SUBJECT ADDED ENTRY--TOPICAL TERM | |
| 9 (RLIN) | 943 |
| Topical term or geographic name as entry element | HISTORIA POLITICA |
| Source of heading or term | unescot |
| 942 ## - ADDED ENTRY ELEMENTS (KOHA) | |
| Source of classification or shelving scheme | Dewey Decimal Classification |
| Item type | Libro, folleto, traducción |
| 980 ## - EQUIVALENCE OR CROSS-REFERENCE-SERIES STATEMENT--PERSONAL NAME/TITLE [LOCAL, CANADA] | |
| Linkage | 19226 |
| Personal name | Palazón Marcela I. |
| Field link and sequence number | 19226 |
| Miscellaneous information | Palazón Marcela I. |
| Withdrawn status | Lost status | Source of classification or shelving scheme | Damaged status | Not for loan | Home library | Current library | Date acquired | Full call number | Barcode | Date last seen | Copy number | Price effective from | Koha item type |
|---|---|---|---|---|---|---|---|---|---|---|---|---|---|
| Dewey Decimal Classification | Consultar Disponibilidad | Biblioteca Central | DEPOSITO | 18/02/2025 | 320.5 AND | UNAJ25020101 | 18/02/2025 | 1 | 18/02/2025 | Libro, folleto, traducción |